000 01095nam a22002537a 4500
005 20100910150449.0
008 100910t xxu||||| |||| 00| 0 hin d
010 _aHIN-90459
020 _c350.00
_a9789380511009
035 _aHN-62805
037 _bDBAD / PUB
040 b _aDPL
_bHN
082 _a891.4309
100 _919362
_aपाटील, हणमंतराव
245 _aभारतीय साहित्य संवेदनाओं का अनुशीलन /
_cहणमंतराव पाटील
260 _aकानपुर
_bसमता प्रकाशन
_c2010
270 _bकानपुर (देहात)
_aबजरंगनगर, रूरा
_e209303
_k09450139012
300 _a176पृ.
_c22सेमी (सजिल्द)
650 _91169
700 _919359
700 _919788
942 _2ddc
_cHN
_mपाटील
_h891.4309
999 _c45493
_d45493